Responses for show #5669 - Thursday, April 9, 2009

Contestants

[<< previous game]

Rick Robbins, an automotive restoration technician from Galva, Kansas

Priscilla Ball, a government contractor from Montgomery Village, Maryland (whose 1-day cash winnings total $12,799)

Jeff Mangum, a rental car manager from Louisville, Kentucky (whose 1-day cash winnings total $20,000)

[next game >>]

Jeopardy! Round responses

IN JOE PATERNO'S FIRST YEAR
BOOKS THAT BECAME FILMS
PREPOSITIONS
FORTUNE-TELLING
THIS, THAT
THE OTHER
    $200 26
Saigon

Priscilla
    $200 1
Who Framed Roger Rabbit

Priscilla
    $200 6
without

Rick
    $200 21
crystal balls

Priscilla
    $200 11
triangles

Priscilla
    $200 16
Lithuania

Rick
    $400 27
How the Grinch Stole Christmas!

Jeff
    $400 2
Munich

Jeff
    $400 7
over

Jeff
    $400 22
reading tea leaves

Priscilla
    $400 12
"Rocky Mountain High"

Priscilla
    $400 17
Louis Pasteur

Jeff
    $600 28
Mao

Priscilla
    $600 3
(Alex: You know it better as [*]. They were all trying to become wiseguys.)

Goodfellas

Triple Stumper
    $600 8
(Priscilla: What is once?)

upon

PriscillaRick
    $600 23
a Ouija board

Priscilla
    $600 13
a BTU

Priscilla
    $600 18
French

Priscilla
    $800 29
eating meat

Rick
    $800 4
Auto Focus

Jeff
    $800 9
under

Rick
    $2,200 24
a mount of Venus

Priscilla
    $800 14
the Matterhorn

Priscilla
    $800 19
Midway

Priscilla
    $1000 30
India & Pakistan

Triple Stumper
    $1000 5
Slumdog Millionaire

Jeff
    $1000 10
beyond

Priscilla
    $1000 25
[Applause for Priscilla's run of the category]

an Oracle

Priscilla
    $1000 15
the Chesapeake

Rick
    $1000 20
Medina

Priscilla

Scores at the first commercial break (after clue 15):

Jeff Priscilla Rick
$2,600 $2,600 $2,600

Scores at the end of the Jeopardy! Round:

Jeff Priscilla Rick
$3,400 $10,200 $3,600

Double Jeopardy! Round responses

MOUNTAINS
EMMY-WINNING SITCOM EPISODES
(Alex: You have to identify the show for us.)
GONE "-ICIAN"
A DEVIL'S DICTIONARY
FILL IN THE TITLE
SNAKES & ADDERS
    $400 6
the Philippines

Priscilla
    $400 1
M*A*S*H

Priscilla
    $400 16
(Rick: What is a makeup artist?)
(Jeff: Who's a facialist?)

a cosmetician

JeffRick
Triple Stumper
    $400 11
Satan

Jeff
    $400 21
Invisible Man

Priscilla
    $400 26
pythons

Priscilla
    $800 7
Yosemite

Priscilla
    $800 2
The Andy Griffith Show

Rick
    $800 17
tactician

Priscilla
    $800 12
demon

Rick
    $800 22
The Stranger

Jeff
    $800 27
a puff adder

Priscilla
    $3,000 8
(Alex: [*]. Godwin Austen. Right you are. The world's second-highest mountain.)

K2

Priscilla
    $1200 3
The Mary Tyler Moore Show

Priscilla
    $1200 18
a musician

Jeff
    $1200 13
(Rick: Ooh. Who is Michael?)

Lucifer

JeffRick
    $1200 23
Revolutionary Road

Triple Stumper
    $1200 28
(Jeff: What is the cat adder?)
(Alex: Yes, cat snake.)
[Originally accepted as correct; reversed before Final Jeopardy!]

the cat-eyed snake

Jeff
Triple Stumper
    $1600 9
(Priscilla: What is Chile?)

Argentina

JeffPriscilla
    $1600 4
Seinfeld

Jeff
    $1600 19
a pyrotechnician

Jeff
    $4,000 14
Dickens

Jeff
    $1600 24
Just So Stories

Triple Stumper
    $1600 29
death adders

Triple Stumper
    $2000 10
Kosciusko

Priscilla
    $2000 5
The Simpsons

Jeff
    $2000 20
registered dietician

Priscilla
    $2000 15
(Priscilla: Who is Beelzebub?)

Mephistopheles

JeffPriscilla
    $2000 25
Diary of a Madman

Triple Stumper
    $2000 30
(Jeff: What are vipers?)

wolf snakes

Jeff
Triple Stumper

Scores at the end of the Double Jeopardy! Round:

Jeff Priscilla Rick
$16,200 $18,800 $3,600

[wagering suggestions for these scores]

Final Jeopardy! Round responses

NAME'S THE SAME
RickWho is Pluto?
$2,601
JeffWho is Pogo?
$16,199
PriscillaWho is Pluto?
$13,601
Pluto

Final scores:

Jeff Priscilla Rick
$1 $32,401 $6,201
3rd place: $1,000 2-day champion: $45,200 2nd place: $2,000

Game dynamics:

Coryat scores:

Jeff Priscilla Rick
$13,800 $15,600 $3,600
16 R
(including 1 DD),
3 W
27 R
(including 2 DDs),
3 W
8 R,
2 W

Combined Coryat: $33,000

The J! Archive is created by fans, for fans. The Jeopardy! game show and all elements thereof, including but not limited to copyright and trademark thereto, are the property of Jeopardy Productions, Inc. and are protected under law. This website is not affiliated with, sponsored by, or operated by Jeopardy Productions, Inc. Join the discussion at JBoard.tv.